Danh mục chuyên đề toàn văn : 19 chuyên đề thuộc lĩnh vực Hoá học; Hoá công nghiệp
में बचाया:
| स्वरूप: | सीडी |
|---|---|
| भाषा: | Vietnamese |
| प्रकाशित: |
H. :
Trung tâm Thông tin Khoa học và Công nghệ Quốc gia,
2008.
|
| टैग : |
टैग जोड़ें
कोई टैग नहीं, इस रिकॉर्ड को टैग करने वाले पहले व्यक्ति बनें!
|
| Thư viện lưu trữ: | Thư viện Trường Đại học Đà Lạt |
|---|
| LEADER | 00787nam a2200265 4500 | ||
|---|---|---|---|
| 001 | DLU080063268 | ||
| 005 | ##20080918 | ||
| 040 | # | # | |a DLU |b vie |
| 041 | # | # | |a vie |
| 044 | # | # | |a vn |
| 082 | # | # | |a 001.4 |b Dan |
| 245 | # | # | |a Danh mục chuyên đề toàn văn : |b 19 chuyên đề thuộc lĩnh vực Hoá học; Hoá công nghiệp |h [Đĩa CD-ROM] / |c Trung tâm Thông tin Khoa học và Công nghệ Quốc gia. |
| 256 | # | # | |a 4 3/4 in. |
| 260 | # | # | |a H. : |b Trung tâm Thông tin Khoa học và Công nghệ Quốc gia, |c 2008. |
| 300 | # | # | |a 1 đĩa CD-ROM ; |c 4 3/4 in. |
| 923 | # | # | |a 15/2008 |
| 992 | # | # | |a 0 |
| 994 | # | # | |a DLU |
| 900 | # | # | |a True |
| 911 | # | # | |a Nguyễn Thanh Hương |
| 925 | # | # | |a CD |
| 926 | # | # | |a A |
| 927 | # | # | |a CD |
| 980 | # | # | |a Thư viện Trường Đại học Đà Lạt |